Kapitál v 21. storočí
Gespeichert in:
| 1. Verfasser: | |
|---|---|
| Format: | Buch |
| Sprache: | Slowakisch |
| Veröffentlicht: |
Bratislava
Ikar
2015
|
| Schlagworte: | |
| Tags: |
Keine Tags, Fügen Sie das erste Tag hinzu!
|
MARC
| LEADER | 00000nam a2200000 4500 | ||
|---|---|---|---|
| 001 | 0204368 | ||
| 005 | 20240314094339.0 | ||
| 020 | |a 978-80-551-4248-7 | ||
| 041 | 0 | |a slo | |
| 044 | |a SK | ||
| 245 | 1 | 0 | |a Kapitál v 21. storočí |c Thomas Piketty |
| 264 | 1 | |a Bratislava |b Ikar |c 2015 | |
| 300 | |a 749 s. | ||
| 610 | 2 | 0 | |a kapitál |
| 610 | 2 | 0 | |a teórie ekonomické |
| 610 | 2 | 0 | |a kapitalizmus |
| 610 | 2 | 0 | |a dôchodok národný |
| 610 | 2 | 0 | |a produkcia |
| 610 | 2 | 0 | |a účty národné |
| 610 | 2 | 0 | |a nerovnosť dôchodková |
| 610 | 2 | 0 | |a rast hospodársky |
| 610 | 2 | 0 | |a inflácia |
| 610 | 2 | 0 | |a práca |
| 610 | 2 | 0 | |a produktivita kapitálu |
| 610 | 2 | 0 | |a kapitál ľudský |
| 610 | 2 | 0 | |a bohatstvo |
| 610 | 2 | 0 | |a regulácia |
| 610 | 2 | 0 | |a štát sociálny |
| 610 | 2 | 0 | |a dane z príjmov |
| 610 | 2 | 0 | |a dane progresívne |
| 610 | 2 | 0 | |a dane globálne |
| 610 | 2 | 0 | |a dlhy verejné |
| 100 | 1 | |a Piketty, Thomas | |